Čína a jej ozbrojená moc

Vývoj Číny na hospodárskom poli. Prvenstvo si stále držia USA na hospodárskom a vojenskom poli. Postupné zaradenie sa Číny do svetového hospodárstva dalo medzinárodnej ekonomike jej súčasný globálny ráz. Čína ako námorná veľmoc. Ľudová oslobodzovacia armáda sa musí transformovať primerane tomu, ako...

Celý popis

Uložené v:
Podrobná bibliografia
Hlavný autor: Pressburg, Adrian Peter
Médium: Kapitola
Jazyk:Slovak
Predmet:
Tagy: Pridať tag
Žiadne tagy, Buďte prvý, kto otaguje tento záznam!

MARC

LEADER 00000naa$a2200000$$$4500
001 0064156
005 20231009073705.3
041 0 |a slo 
044 |a SK 
245 1 0 |a Čína a jej ozbrojená moc  |c Adrian Peter Pressburg 
520 |a Vývoj Číny na hospodárskom poli. Prvenstvo si stále držia USA na hospodárskom a vojenskom poli. Postupné zaradenie sa Číny do svetového hospodárstva dalo medzinárodnej ekonomike jej súčasný globálny ráz. Čína ako námorná veľmoc. Ľudová oslobodzovacia armáda sa musí transformovať primerane tomu, ako sa z Číny stáva globálna námorná veľmoc. Súperenie na poli informačných a high technológií medzi Čínou a USA. 
610 2 0 |a vývoj hospodársky 
610 2 0 |a vojenstvo 
610 2 0 |a ekonomika vojnová 
610 2 0 |a armáda 
610 2 0 |a technológie informačné 
610 2 0 |a technológie nové 
610 2 0 |a Čína 
610 2 0 |a USA 
100 1 |a Pressburg, Adrian Peter